Využitie sociálnych sietí v podnikovej praxi

Charakteristika a typy sociálnych sietí. Sociálny web a vplyv na biznis. Súčasné problémy sociálneho webu. Použitie sociálnych siete pre podnikové ciele. Využitie geolokačných sietí v marketingu.

Salvato in:
Dettagli Bibliografici
Autore principale: Boroviková, Veronika
Natura: Capitolo di libro
Lingua:slovacco
Soggetti:
Tags: Aggiungi Tag
Nessun Tag, puoi essere il primo ad aggiungerne!!

MARC

LEADER 00000nla$a2200000$$$4500
001 0145038
005 20240502072614.3
041 0 |a slo 
044 |a SK 
245 1 0 |a Využitie sociálnych sietí v podnikovej praxi  |c Veronika Boroviková 
520 |a Charakteristika a typy sociálnych sietí. Sociálny web a vplyv na biznis. Súčasné problémy sociálneho webu. Použitie sociálnych siete pre podnikové ciele. Využitie geolokačných sietí v marketingu. 
610 2 0 |a podnik 
610 2 0 |a stránky webové 
610 2 0 |a siete sociálne 
100 1 |a Boroviková, Veronika